00586 2200241 4500001002100000005001500021035002500036008004100061040001700102082001600119090001800135100001600153245004100169250001100210260002900221300002200250650001700272850001200289007000300301084001600304990001200320990001200332YOGYA-0209000003589220241014013148 a0010-020900000035892090227s jbia g ind d aYOPDYOGbind042[22]a634.5 aT 634.5 RIS b aRismunandar aBertanam kacang tanah /cRismunandar aCet. 1 aBandung :bTarate,c1975 a40 hlm. ;c21 cm. 4aKacang tanah aYOPDYOGta a634.5 RIS b a16289-B a16289-B